000 00439nam a2200193Ia 4500
008 210210b2017 xxu||||| |||| 00| 0 eng d
020 _a9788183760856
041 _aeng
082 _a641.1 GARD
100 _aGARG (Madhu)
245 _aDiet nutrition and health
260 _aJaipur
_bABD Publishers
_c2017
300 _avi,242
650 _anutrition
650 _ahealth
650 _aDiet
690 _aFood
906 _a072742
999 _c122548
_d122548